000 00868nas a2200277 4500
001 BR0901189
003 BR-BrBNA
005 20231205113155.0
007 ta
008 230509b bl.|||p| |||| 00| 00por d
040 _aBR-BrBNA
_bpor
_cBiblioteca Nacional de Agricultura
041 _a(Pt)
072 _aL53
100 1 _aGottschall, C.
100 1 _aFerreira, E.
100 1 _aCanellas, L.
100 1 _aBittencourt, H.R.
245 1 _aPerdas reprodutivas e reconcepção em bovinos de corte segundo a idade ao acasalamento
650 _aNOVILHO
650 _aGADO DE CORTE
650 _aEFICIÊNCIA REPRODUTIVA
650 _aACASALAMENTO
773 0 _tArquivo Brasileiro de Medicina Veterinaria e Zootecnia (Brazil)
_xISSN 0102-0935
_g(Apr 2008), v. 60(2) p. 414-418
_wBR0901189
909 _a202311
_bLúcia
_c55
_dLúcia Elande
942 _2AGRIS
_n0
_cANA
999 _c202285
_d202285